000 00306pab a2200133 454500
008 180718b1990 xxu||||| |||| 00| 0 eng d
245 _aReview of agriculture
260 _c1990
300 _aA2-A44
362 _a30 Mar.
650 _aAgriculture
773 _aEconomic and Political Weekly
909 _a3637
999 _c3637
_d3637